000 00546nam a2200157 a 4500
001 000039606
005 20201002033638.0
008 130709s2010 mx 000 0 spa d
020 _a9786070301667
040 _aDO-SdBNP
_bspa
_cBNPHU
082 _axxx
100 1 _aPellicer, Juan,
_d1944-
_965769
245 1 0 _aTríptico cinematográfico :
_bel discurso narrativo y su montaje en Amores perros, 21 gramos y Babel y un diálogo con Alejandro González Iñárritu.
260 _aMéxico :
_bSiglo XXI Editores,
_c2010.
300 _a181 p. ;
_c22 cm.
999 _c39096
_d39096